Witamy w Bibliotece Naukowej Instytutu Łączności!

Èlektrooptičeskie i akustičeskie svojstva židkih kristallov / (Rekord nr 7348)

000 -LEADER
fixed length control field 01031cam a2200265 i 4500
001 - CONTROL NUMBER
control field vtls003025870
003 - CONTROL NUMBER IDENTIFIER
control field NUKAT
005 - DATE AND TIME OF LATEST TRANSACTION
control field 20190625143053.0
008 - FIXED-LENGTH DATA ELEMENTS--GENERAL INFORMATION
fixed length control field 140214s1973 ru a |000 0 rusoc
035 ## - SYSTEM CONTROL NUMBER
System control number xx003025870
039 #9 - LEVEL OF BIBLIOGRAPHIC CONTROL AND CODING DETAIL [OBSOLETE]
Level of rules in bibliographic description 201708281314
Level of effort used to assign nonsubject heading access points pw
Level of effort used to assign subject headings 201703080010
Level of effort used to assign classification AUTHORITY
Level of effort used to assign subject headings 201510301139
Level of effort used to assign classification buwr
Level of effort used to assign subject headings 201403200656
Level of effort used to assign classification kopul
040 ## - CATALOGING SOURCE
Original cataloging agency TOR U/FIZER
Transcribing agency TOR U/FIZER
Modifying agency TOR U/FIZER
099 ## - LOCAL FREE-TEXT CALL NUMBER (OCLC)
Classification number hh_746053
100 1# - MAIN ENTRY--PERSONAL NAME
Personal name Kapustin, Aleksandr Pavlovič
Dates associated with a name (1904-1984).
245 10 - TITLE STATEMENT
Title Èlektrooptičeskie i akustičeskie svojstva židkih kristallov /
Statement of responsibility, etc A. P. Kapustin ; Akademiâ Nauk SSSR. Ordena Trudovogo Krasnogo Znameni Institut Kristallografii im A. V. Šubnikova.
260 ## - PUBLICATION, DISTRIBUTION, ETC. (IMPRINT)
Place of publication, distribution, etc Moskva :
Name of publisher, distributor, etc Izdatel'stvo "Nauka",
Date of publication, distribution, etc 1973.
300 ## - PHYSICAL DESCRIPTION
Extent 231, [1] s. :
Other physical details il. ;
Dimensions 21 cm.
504 ## - BIBLIOGRAPHY, ETC. NOTE
Bibliography, etc Bibliogr. s. 226-230.
710 2# - ADDED ENTRY--CORPORATE NAME
Corporate name or jurisdiction name as entry element Izdatelʹstvo "Nauka".
Relator code pbl
942 ## - ADDED ENTRY ELEMENTS (KOHA)
Source of classification or shelving scheme
Koha item type Książki
Egzemplarze
Withdrawn status Lost status Source of classification or shelving scheme Damaged status Not for loan Permanent Location Current Location Shelving location Date acquired Cost, normal purchase price Inventory number Full call number Barcode Date last seen Price effective from Koha item type
          Instytut Łączności Instytut Łączności Magazyn 1974-05-23 0.00 29219 29219 29219 2022-08-05 2017-11-30 Książki

Działa dzięki Koha